<?xml version="1.0" encoding="UTF-8"?>
<marc:record xmlns:marc="http://www.loc.gov/MARC21/slim">
   <marc:leader>00000nam a2200000 a 4500</marc:leader>
   <marc:datafield ind1="1" ind2=" " tag="100">
      <marc:subfield code="a">Henry, Christina</marc:subfield>
      <marc:subfield code="4">aut</marc:subfield>
      <marc:subfield code="e">Verfasser/-in</marc:subfield>
   </marc:datafield>
   <marc:datafield ind1="0" ind2="0" tag="245">
      <marc:subfield code="a">Das gierige Haus</marc:subfield>
   </marc:datafield>
   <marc:datafield ind1="0" ind2="0" tag="245">
      <marc:subfield code="b">Roman</marc:subfield>
   </marc:datafield>
   <marc:datafield ind1=" " ind2="1" tag="264">
      <marc:subfield code="b">Blanvalet</marc:subfield>
      <marc:subfield code="c">2026</marc:subfield>
   </marc:datafield>
   <marc:datafield ind1="1" ind2=" " tag="520">
      <marc:subfield code="a">In Chicago steht ein verlassenes Haus, in dem in den Siebzigerjahren grausame Dinge geschahen. Sieben Menschen starben. Das Verbot, sich dem Gebäude zu nähern, macht es für die Kinder der Nachbarschaft noch interessanter. Als die 13-jährige Jessie ihren kleinen Bruder Paul zur Mutprobe herausfordert, betritt er das Haus und kehrt nie wieder zurück...</marc:subfield>
   </marc:datafield>
   <marc:datafield ind1=" " ind2=" " tag="020">
      <marc:subfield code="a">9783764509675</marc:subfield>
      <marc:subfield code="9">9783764509675</marc:subfield>
   </marc:datafield>
</marc:record>
